Регионална библиотека "Любен Каравелов" - Русе

Pons Fidibus Schulworterbuch fur die Sekundarstufe I (Запис номер 97025)

MARC детайли
000 -Лидер
Контролно поле с фиксирана дължина 01092nam a2200325 c 4500
003 - Код на организацията, давaща контролен номер
Контролно поле BLK
005 - Дата и час на последна редакция
Контролно поле 20180420225747.0
008 - Елементи от данни с фиксирана дължина
fixed length control field 180409b bul|||||r ||||||| ||bul||
010 ## - Наследен системен номер
LC control number KNG00101930000
020 ## - Международен стандартен номер на книга ISBN
Международен стандартен номер на книга ISBN 3-12-320819-2
-- издат.: Klett
040 ## - Източник на каталожния запис
Идентификатор на билиотеката - собственик на записа BLK
041 ## - Код за език
Код за езика на текст/звукозапис или на отделно заглавие Немски
Код за езика КДБФ Немски
080 ## - УДК
Текстов определител УДК Немски език (високонемски, стандартен писмен)
УДК код - определител по УДК 811.112.2
УДК определител (038.1)
УДК - код + определител 811.112.2(038.1)
100 1# - Редна дума - Автор
Автор Plickat, Hans-Heinrich
Авторска отговорност първи автор
R(LIN) 21382
139 ## - Редно поле
Редна дума Plickat, Hans-Heinrich et al.
Авторски знак Pli - P 75
245 10 - Сведения за заглавието
Заглавие Pons Fidibus Schulworterbuch fur die Sekundarstufe I
Редно поле (дума) Hans-Heinrich Plickat; съавт. Ulrich Haaf.
257 ## - Страна на издаване
Страна на създаване/издаване Германия
260 ## - Област на издателските данни
-- Stuttgart
Име на издателя, разпространителя и проч. Klett
Година на издаване 1999
300 ## - Физическа характеристика
Страници 488 c.
Размери/Мащаб 19 cm
380 ## - Жанр
Жанр Езикознание. Филология
650 #4 - Допълнително описание по предмет – тема
Основно описание – тема или топоним Немски език - речници
9 (RLIN) 245988
653 ## - Ключова дума – ненормативна
Ключова дума немски език
653 ## - Ключова дума – ненормативна
Ключова дума речници
700 1# - Други автори (авторска отговорност)
Лично име Haaf, Ulrich
Автороска отговорност (Описва отношението между автора и произведението) съавт.
9 (RLIN) 12084
852 ## - Местоположение
Форматна сигнатура Цб 204734
856 4# - Електронен адрес и достъп
Електронен формат pdf - файл
Път до файла /url/
856 4# - Електронен адрес и достъп
Електронен формат pdf - файл
Път до файла /url/
942 ## - АРТИКУЛИ
Вид на библиотечния материал Книги
Скрит в OPAC Не
944 ## - СЪЗДАВАНЕ И РЕДАКЦИЯ на ЗАПИСА
Създаване/Редакция Създаване
Дата на регистрацията/редакция 01.01.1999
Служител, извършил регистрацията/редакцията Теодора_Стоянова
944 ## - СЪЗДАВАНЕ И РЕДАКЦИЯ на ЗАПИСА
Създаване/Редакция Редакция
Дата на регистрацията/редакция 28.08.2007
Служител, извършил регистрацията/редакцията
999 ## - СИСТЕМНИ КОНТРОЛНИ НОМЕРА
Koha biblionumber 97025
Koha biblioitemnumber 97025
Наличности
Код за отписване Код за изгубен артикул Източник на класификационната схема Код за повреда Коз за рестрикции Код за отдаване Артикулен № Име на библиотеката - собственик Име на библиотеката, в която се намира в момента Статус (Текущо местоположение) Дата на вписване в системата Местоположение - отдел Цена в лева Инвентарен номер Систематично азбучна сигнатура Баркод Номер на екземпляра Цена в евро Служебна бележка Служебен тип на артикула
  Не е изгубен Universal Decimal Classification Не е повреден само за читалня ползва се в читалня 155674 Регионална библиотека "Любен Каравелов" Русе Регионална библиотека "Любен Каравелов" Русе Читалня 5 - справочен фонд 2001-12-31 Читалня 5 - справочен фонд 19.80 120000905384 C5 803.0(038)/P 75 120000905384 1 10.12 Дост: DA Вид: А N: 1 Дата: 31.12.2001 Книги
Vip Innovations Ltd, Rousse, Bulgaria 2025